=LDR 00000nam 2200000 4500 =001 NUTBA000000000002288 =005 20140611112703.0 =006 =007 =008 =020 ##$$a 978-979-1211-77-2 =035 ##$$a 0010-061400000000231 =040 ##$$a NBPDMAT =082 ##$$a 664.1 =090 ##$$a 664.1 $b Lil k =100 ##$$a Lili Abdulrozak =245 ##$$a Kripik pisang / $c Lili Abdulrozak =260 ##$$a Jakarta : $b Azka Press, $c 2007 =300 ##$$a iv, 36 hlm. : $b ilus. ; $c 21 cm. =500 ##$$a Bibliografi : hlm. 36 =650 ##$$a Teknologi Makanan =850 ##$$a NBPDMAT =990 ##$$a 21401817